U.S. States that Start with N - Shape Quiz - Statistics

General Stats
  • This quiz has been taken 48,761 times
  • The average score is 7 of 8
Answer Stats
Picture Answer % Correct
Nevada
97%
New York
96%
North Carolina
94%
Nebraska
92%
New Jersey
92%
New Mexico
91%
North Dakota
91%
New Hampshire
90%
No matching quizzes found
Score Distribution
Percent of People with Each Score
Percentile by Number Answered
Your Score History
You have not taken this quiz